[Event "ALG Cup"]
[Site "Bejaia"]
[Date "2020.02.28"]
[Round "4"]
[White "Djabri, Massinas"]
[Black "Djeddi, Mohamed"]
[Result "1-0"]
[WhiteElo "2162"]
[BlackElo "1875"]
[PlyCount "101"]
[EventDate "2020.02.27"]
[EventType "swiss"]
[EventRounds "7"]
[EventCountry "ALG"]
[SourceTitle "CBM 195 Extra"]
[Source "ChessBase"]
[SourceDate "2020.05.31"]
[SourceVersion "1"]
[SourceVersionDate "2020.05.31"]
[SourceQuality "1"]

1. d4 Nf6 2. c4 g6 3. Nc3 Bg7 4. e4 d6 5. Nge2 0-0 6. Ng3 e5 7. d5 a5 8. h4 h5 9. Bg5 c6 10. Be2 Na6 11. Qd2 cxd5 12. cxd5 Nc5 13. 0-0 Bd7 14. Rae1 Qb6 15. Bh6 Ng4 16. Bxg4 Bxg4 17. Be3 Bd7 18. Bh6 Qd8 19. Bg5 f6 20. Be3 Rc8 21. f4 f5 22. exf5 Qxh4 23. Bf2 Qxf4 24. Qd1 Qg4 25. Qxg4 hxg4 26. Bxc5 dxc5 27. fxg6 Rxf1+ 28. Rxf1 Rf8 29. Nce4 b6 30. Ng5 e4 31. Rxf8+ Kxf8 32. Ne6+ Bxe6 33. dxe6 Bxb2 34. Nf5 c4 35. Kf2 Bf6 36. e7+ Bxe7 37. g7+ Kf7 38. Nxe7 Kxg7 39. a4 c3 40. Ke2 Kf7 41. Nd5 Ke6 42. Nxc3 Kd6 43. Nxe4+ Kd5 44. Kd3 Ke5 45. g3 Kd5 46. Nf6+ Kc5 47. Kc3 b5 48. axb5 Kxb5 49. Nxg4 Kc5 50. Ne3 Kd6 51. Kb3 1-0

[Event "ALG-ch"]
[Site "Ain Tagoura"]
[Date "2020.02.04"]
[Round "1"]
[White "Djeddi, Mohamed"]
[Black "Saim, Mohamed Ilias"]
[Result "0-1"]
[WhiteElo "1875"]
[BlackElo "2170"]
[PlyCount "88"]
[EventDate "2020.02.04"]
[EventType "swiss"]
[EventRounds "9"]
[EventCountry "ALG"]
[SourceTitle "CBM 194 Extra"]
[Source "ChessBase"]
[SourceDate "2020.03.31"]
[SourceVersion "1"]
[SourceVersionDate "2020.03.31"]
[SourceQuality "1"]

1. d4 Nf6 2. Nf3 g6 3. Nc3 Bg7 4. e4 d6 5. Bc4 0-0 6. 0-0 Nc6 7. h3 Nxe4 8. Nxe4 d5 9. Bxd5 Qxd5 10. Nc3 Qh5 11. Bf4 Rd8 12. Bxc7 Rd7 13. Be5 Nxe5 14. Nxe5 Qxd1 15. Rfxd1 Rd8 16. Ne2 Bf5 17. Rac1 Bxc2 18. Rxc2 Bxe5 19. Rdd2 Bd6 20. Rc4 Kg7 21. Kf1 b5 22. Rc6 Bb4 23. Nc3 Rac8 24. Rxc8 Rxc8 25. Rd3 Bxc3 26. bxc3 Kf6 27. Re3 Rc4 28. Ke1 Ra4 29. Re2 Ra3 30. Rc2 Ke6 31. Kd2 Kd5 32. Rb2 a6 33. Kd3 f6 34. f3 h5 35. g3 Kc6 36. Rc2 b4 37. Ke2 bxc3 38. Kd3 Kd5 39. Rxc3 Rxa2 40. Rc5+ Kd6 41. Ke3 Ra3+ 42. Ke4 e6 43. Rc8 g5 44. Rd8+ Ke7 0-1

[Event "ALG Cup"]
[Site "Blida et Alger"]
[Date "2016.10.20"]
[Round "9.1"]
[White "Djeddi, Mohamed"]
[Black "Seddaoui, Yamine"]
[Result "1/2-1/2"]
[WhiteElo "1955"]
[BlackElo "2211"]
[PlyCount "89"]
[EventDate "2016.10.12"]
[EventType "k.o."]
[EventRounds "14"]
[EventCountry "ALG"]
[SourceTitle "EXT 2024"]
[Source "ChessBase"]
[SourceDate "2023.10.10"]
[SourceVersion "1"]
[SourceVersionDate "2023.10.10"]
[SourceQuality "1"]

1. d4 Nf6 2. Nf3 e6 3. e3 b6 4. Bd3 Bb7 5. Nbd2 Be7 6. e4 d6 7. 0-0 Nbd7 8. Re1 e5 9. c3 c6 10. Nf1 0-0 11. Ng3 Re8 12. Nf5 Bf8 13. dxe5 Nxe5 14. Nxe5 dxe5 15. Bg5 h6 16. Bh4 g6 17. Ne3 Bg7 18. Qe2 Qc7 19. Bxf6 Bxf6 20. Qf3 Qe7 21. Bc4 Rad8 22. Rad1 Bc8 23. Qg3 Kh7 24. Qf3 h5 25. g4 hxg4 26. Nxg4 Bxg4 27. Qxg4 Kg7 28. Rxd8 Rxd8 29. Rd1 Rxd1+ 30. Qxd1 Bg5 31. Qf3 Bf4 32. h3 Qc5 33. Qd3 Qe7 34. Qf3 Qg5+ 35. Qg4 Qxg4+ 36. hxg4 Bc1 37. b3 Bd2 38. a4 Bxc3 39. f3 Kf6 40. Kf2 Ke7 41. Ke3 f6 42. Kd3 Be1 43. Ba6 Kd6 44. Kc4 Kc7 45. b4 1/2-1/2

[Event "ALG-ch"]
[Site "Algiers"]
[Date "2016.01.17"]
[Round "3"]
[White "Djeddi, Mohamed"]
[Black "Hamira, Abdelatif"]
[Result "0-1"]
[WhiteElo "1987"]
[BlackElo "1917"]
[PlyCount "110"]
[EventDate "2016.01.16"]
[EventType "swiss"]
[EventRounds "9"]
[EventCountry "ALG"]
[SourceTitle "CBM 170 Extra"]
[Source "ChessBase"]
[SourceDate "2016.02.25"]
[SourceVersion "1"]
[SourceVersionDate "2016.02.25"]
[SourceQuality "1"]

1. d4 Nf6 2. Nf3 g6 3. Nc3 Bg7 4. e4 0-0 5. Bc4 d6 6. 0-0 c6 7. Re1 b5 8. Bb3 b4 9. Na4 Qc7 10. e5 Ne8 11. Qe2 d5 12. Nc5 a5 13. c3 bxc3 14. bxc3 Bh8 15. h3 Ng7 16. Ba3 Re8 17. g4 Na6 18. Nd3 Be6 19. Qd2 Nb8 20. Qh6 Nd7 21. Ng5 Nf8 22. Nc5 Bc8 23. Re3 Nge6 24. Ncxe6 Bxe6 25. f4 Bc8 26. Bc2 Bg7 27. Qh4 Ra6 28. Bc5 h6 29. Nf3 Ra8 30. f5 Rb8 31. f6 exf6 32. Bd6 Qxd6 33. exd6 Rxe3 34. Qf2 Rxc3 35. Qd2 Rxf3 36. Kg2 Ra3 37. Bb3 Rbxb3 38. axb3 Rxa1 39. Qb2 Re1 40. Qd2 Re4 41. Qxa5 Rxd4 42. Qc3 f5 43. Qxc6 Bd7 44. Qb7 fxg4 45. hxg4 Rxg4+ 46. Kf3 Bc3 47. Qxd5 h5 48. Qd3 Bb4 49. Qd5 Be6 50. Qa8 Bxd6 51. Qd8 Bb4 52. Qd3 h4 53. Kf2 h3 54. Qf3 h2 55. Qh1 Bd6 0-1

[Event "ALG-ch sf"]
[Site "Algiers"]
[Date "2014.01.11"]
[Round "3"]
[White "Saifi, Walid"]
[Black "Djeddi, Mohamed"]
[Result "1-0"]
[WhiteElo "2078"]
[BlackElo "1916"]
[PlyCount "103"]
[EventDate "2014.01.10"]
[EventType "swiss"]
[EventRounds "7"]
[EventCountry "ALG"]
[SourceTitle "CBM 158 Extra"]
[Source "ChessBase"]
[SourceDate "2014.02.28"]
[SourceVersion "1"]
[SourceVersionDate "2014.02.28"]
[SourceQuality "1"]

1. e4 e6 2. d4 d5 3. Nc3 dxe4 4. Nxe4 Nd7 5. Nf3 Ngf6 6. Nxf6+ Nxf6 7. Bd3 c5 8. 0-0 Be7 9. b3 0-0 10. Bb2 cxd4 11. Bxd4 b6 12. Qe2 Bb7 13. Rad1 Qc7 14. b4 Qf4 15. Ne5 Rad8 16. c3 Be4 17. Rfe1 Bxd3 18. Rxd3 Rd5 19. Rf3 Qg5 20. Nc6 Bd6 21. Bxf6 gxf6 22. Ne7+ Bxe7 23. Rg3 Qxg3 24. hxg3 Rfd8 25. Qc4 b5 26. Qf4 R8d7 27. Re4 f5 28. Rd4 Rxd4 29. cxd4 Bxb4 30. Qb8+ Bf8 31. Qxb5 Rxd4 32. a4 Rd5 33. Qb8 a5 34. f4 Kg7 35. Qb2+ Kg8 36. Kh2 Be7 37. Kh3 Rd1 38. g4 Rh1+ 39. Kg3 Bh4+ 40. Kf3 Rf1+ 41. Ke3 fxg4 42. Qb8+ Kg7 43. Qe5+ Bf6 44. Qxa5 Ra1 45. Qa8 h5 46. a5 h4 47. a6 h3 48. gxh3 gxh3 49. f5 Bg5+ 50. Kd3 h2 51. f6+ Kxf6 52. Qh8+ 1-0

[Event "ALG-ch sf"]
[Site "Sidi Bel Abbes"]
[Date "2013.03.29"]
[Round "5"]
[White "Djeddi, Mohamed"]
[Black "Ghanou, Tarek"]
[Result "1-0"]
[WhiteElo "1937"]
[BlackElo "1757"]
[PlyCount "83"]
[EventDate "2013.03.27"]
[EventType "swiss"]
[EventRounds "9"]
[EventCountry "ALG"]
[SourceTitle "CBM 153 Extra"]
[Source "ChessBase"]
[SourceDate "2013.04.22"]
[SourceVersion "1"]
[SourceVersionDate "2013.04.22"]
[SourceQuality "1"]

1. d4 d5 2. Nf3 e6 3. e3 Nf6 4. Bd3 Bd6 5. 0-0 0-0 6. Nbd2 Nbd7 7. Re1 e5 8. e4 dxe4 9. Nxe4 Nxe4 10. Bxe4 exd4 11. Qxd4 Qf6 12. Bg5 Qxd4 13. Nxd4 Nc5 14. Bf3 Ne6 15. Be3 Rd8 16. Rad1 Bd7 17. Nf5 Bf8 18. Bxb7 Rab8 19. Bd5 Rxb2 20. Bb3 c5 21. Bd2 c4 22. Bc3 cxb3 23. Bxb2 bxc2 24. Rd5 Bb4 25. Re4 Rc8 26. Bc1 Rb8 27. Rxd7 Ba3 28. Rc4 Bxc1 29. Rxc2 Ba3 30. g3 a5 31. Nd6 Nf8 32. Rxf7 Bxd6 33. Ra7 Bb4 34. Rcc7 Ne6 35. Rd7 Kf8 36. Kg2 h6 37. f4 Bc5 38. Rxa5 Ke8 39. Rd3 Rb2+ 40. Kf3 Rf2+ 41. Ke4 Bb4 42. Re5 1-0

[Event "ALG-ch sf"]
[Site "Sidi Bel Abbes"]
[Date "2013.03.28"]
[Round "3"]
[White "Djeddi, Mohamed"]
[Black "Bengherabi, Khalil"]
[Result "0-1"]
[WhiteElo "1937"]
[BlackElo "2106"]
[PlyCount "76"]
[EventDate "2013.03.27"]
[EventType "swiss"]
[EventRounds "9"]
[EventCountry "ALG"]
[SourceTitle "CBM 153 Extra"]
[Source "ChessBase"]
[SourceDate "2013.04.22"]
[SourceVersion "1"]
[SourceVersionDate "2013.04.22"]
[SourceQuality "1"]

1. d4 Nf6 2. Nf3 e6 3. e3 b6 4. Bd3 Bb7 5. 0-0 d5 6. b3 Nbd7 7. Bb2 Bd6 8. Nbd2 0-0 9. Ne5 c5 10. f4 Ne4 11. Rf3 f6 12. Nxd7 Qxd7 13. Rh3 g6 14. Bxe4 dxe4 15. Nc4 Rad8 16. Qg4 Be7 17. Rh6 Rf7 18. Rf1 Bf8 19. Rh3 b5 20. Nd2 cxd4 21. exd4 f5 22. Qh4 Be7 23. Qg3 Bf6 24. Qe3 Bxd4 25. Bxd4 Qxd4 26. Qxd4 Rxd4 27. Rf2 Rfd7 28. Nf1 Rd1 29. c4 bxc4 30. bxc4 Rc1 31. Ra3 Rdd1 32. h4 a5 33. Rb2 Rxf1+ 34. Kh2 Rb1 35. Rd2 Rh1+ 36. Kg3 Rhd1 37. Rxd1 Rxd1 38. Rxa5 e3 0-1

[Event "Algiers Ameyar Memorial-B 11th"]
[Site "Algiers"]
[Date "2012.11.21"]
[Round "9"]
[White "Djeddi, Mohamed"]
[Black "Saim, Bachir"]
[Result "0-1"]
[WhiteElo "1804"]
[BlackElo "1824"]
[PlyCount "120"]
[EventDate "2012.11.16"]
[EventType "swiss"]
[EventRounds "9"]
[EventCountry "ALG"]
[SourceTitle "EXT 2019"]
[Source "ChessBase"]
[SourceDate "2018.10.10"]
[SourceVersion "1"]
[SourceVersionDate "2018.10.10"]
[SourceQuality "1"]

1. d4 d5 2. Nf3 Nf6 3. e3 Bg4 4. Bd3 Bxf3 5. Qxf3 e6 6. 0-0 Bd6 7. Nd2 0-0 8. e4 dxe4 9. Nxe4 c6 10. Bg5 Be7 11. Rad1 Nxe4 12. Qxe4 g6 13. Bh6 Re8 14. Rfe1 Bg5 15. Bxg5 Qxg5 16. Re3 Nd7 17. Rg3 Qd5 18. Qf4 e5 19. dxe5 Qxe5 20. Qb4 Nb6 21. Re3 Qc7 22. Qe1 Rxe3 23. Qxe3 Rd8 24. Re1 Qd6 25. h4 Qf6 26. h5 Qxb2 27. h6 Qb4 28. Qe5 Qf8 29. Qe7 Rd7 30. Qe8 Rd8 31. Qe7 Rd7 32. Qe8 Rc7 33. Qe5 Nd5 34. Qe8 Ne7 35. Qxf8+ Kxf8 36. g4 Rd7 37. Re3 Rd6 38. g5 Nd5 39. Re4 Nc3 40. Rc4 Nb5 41. a4 Nd4 42. Kg2 f6 43. f4 fxg5 44. fxg5 Rd5 45. a5 Rxg5+ 46. Kh3 c5 47. c3 Nc6 48. a6 bxa6 49. Rf4+ Ke7 50. Bxa6 Rh5+ 51. Kg3 Rxh6 52. Bb7 Ne5 53. Ra4 Rh5 54. Rxa7 Kf6 55. Be4 Rg5+ 56. Kf4 Rg4+ 57. Ke3 h5 58. Rc7 Rg3+ 59. Kd2 c4 60. Ba8 h4 0-1

[Event "Algiers Ameyar Memorial-B 11th"]
[Site "Algiers"]
[Date "2012.11.18"]
[Round "5"]
[White "Benabadji, Abderahmane"]
[Black "Djeddi, Mohamed"]
[Result "1/2-1/2"]
[WhiteElo "2023"]
[BlackElo "1804"]
[PlyCount "62"]
[EventDate "2012.11.16"]
[EventType "swiss"]
[EventRounds "9"]
[EventCountry "ALG"]
[SourceTitle "EXT 2019"]
[Source "ChessBase"]
[SourceDate "2018.10.10"]
[SourceVersion "1"]
[SourceVersionDate "2018.10.10"]
[SourceQuality "1"]

1. e4 e6 2. d4 d5 3. exd5 exd5 4. Bd3 Bd6 5. Nf3 Nf6 6. 0-0 0-0 7. Bg5 Bg4 8. Nbd2 Nbd7 9. c3 c6 10. Qc2 Qc7 11. Rfe1 Rfe8 12. h3 Bh5 13. Rxe8+ Rxe8 14. Re1 Rxe1+ 15. Nxe1 Bf4 16. Bxf4 Qxf4 17. g3 Qd6 18. g4 Bg6 19. Bxg6 hxg6 20. Nd3 Qe7 21. Nf1 Ne4 22. f3 Nd6 23. Qf2 Nb5 24. b3 Nd6 25. Qe3 Kf8 26. Qxe7+ Kxe7 27. Ne3 Nb5 28. Ne1 f6 29. a4 Kd6 30. Kf2 Nc7 31. Ke2 Ke6 1/2-1/2

[Event "Algiers Ameyar Memorial-B 11th"]
[Site "Algiers"]
[Date "2012.11.17"]
[Round "3"]
[White "Bedroune, Soufyane"]
[Black "Djeddi, Mohamed"]
[Result "1-0"]
[WhiteElo "1845"]
[BlackElo "1804"]
[PlyCount "53"]
[EventDate "2012.11.16"]
[EventType "swiss"]
[EventRounds "9"]
[EventCountry "ALG"]
[SourceTitle "EXT 2019"]
[Source "ChessBase"]
[SourceDate "2018.10.10"]
[SourceVersion "1"]
[SourceVersionDate "2018.10.10"]
[SourceQuality "1"]

1. c4 e5 2. Nc3 Nf6 3. d3 Bc5 4. Nf3 Nc6 5. g3 d5 6. cxd5 Nxd5 7. Bg2 0-0 8. 0-0 Bg4 9. Qb3 Nb6 10. Qb5 Bb4 11. Nxe5 Bxc3 12. Nxg4 Nd4 13. Qh5 Nxe2+ 14. Kh1 Nxc1 15. bxc3 Nxd3 16. Rad1 c5 17. Be4 g6 18. Qh6 c4 19. Bxd3 cxd3 20. Rxd3 Qe7 21. Re3 Qd6 22. Rfe1 Qd5+ 23. Kg1 Qf5 24. h3 Nc4 25. Re4 Nd2 26. Qxd2 h5 27. Nh6+ 1-0